[Event "NOR-chT Clubs"]
[Site "Drammen"]
[Date "2010.10.09"]
[Round "2.42"]
[White "Jensen, Torben Winther"]
[Black "Sorgjerd, Jan"]
[Result "0-1"]
[WhiteElo "1388"]
[BlackElo "1983"]
[PlyCount "56"]
[EventDate "2010.10.08"]
[EventType "team"]
[EventRounds "6"]
[EventCountry "NOR"]
[SourceTitle "EXT 2015"]
[Source "ChessBase"]
[SourceDate "2014.11.20"]
[SourceVersion "1"]
[SourceVersionDate "2014.11.20"]
[SourceQuality "1"]
[WhiteTeam "OSS III"]
[BlackTeam "Nordstrand"]
[WhiteTeamCountry "NOR"]
[BlackTeamCountry "NOR"]

1. e4 c5 2. Nf3 d6 3. d4 cxd4 4. Nxd4 Nf6 5. Nc3 a6 6. Be2 e6 7. Be3 Be7 8. Qd2 Qc7 9. Rd1 Nc6 10. Nb3 0-0 11. 0-0 b5 12. Bf3 Bb7 13. Rfe1 Ne5 14. Qe2 Rac8 15. a3 Nc4 16. Bc1 Nxa3 17. Nd5 exd5 18. exd5 Nxc2 19. Qxe7 Nxe1 20. Qxe1 Rfe8 21. Qb4 Bxd5 22. Bxd5 Nxd5 23. Qg4 Nf6 24. Qg3 Qc2 25. Rf1 Rc4 26. h3 d5 27. Nd2 Ne4 28. Re1 Qxc1 0-1

[Event "NOR-chT Clubs"]
[Site "Drammen"]
[Date "2010.10.08"]
[Round "1.37"]
[White "Jensen, Torben Winther"]
[Black "Hovden, Hans"]
[Result "1/2-1/2"]
[WhiteElo "1388"]
[BlackElo "1576"]
[PlyCount "86"]
[EventDate "2010.10.08"]
[EventType "team"]
[EventRounds "6"]
[EventCountry "NOR"]
[SourceTitle "EXT 2015"]
[Source "ChessBase"]
[SourceDate "2014.11.20"]
[SourceVersion "1"]
[SourceVersionDate "2014.11.20"]
[SourceQuality "1"]
[WhiteTeam "OSS III"]
[BlackTeam "Kirkegata"]
[WhiteTeamCountry "NOR"]
[BlackTeamCountry "NOR"]

1. e4 e6 2. d4 d5 3. e5 c5 4. c3 Nc6 5. Nf3 Qb6 6. a3 Bd7 7. Be2 cxd4 8. cxd4 Nge7 9. Nc3 Nf5 10. Na4 Qd8 11. 0-0 Na5 12. b4 Nc4 13. Bxc4 dxc4 14. Nc3 b5 15. Bg5 Be7 16. Bxe7 Nxe7 17. d5 exd5 18. Nxd5 Bg4 19. Nc3 a6 20. Qe2 0-0 21. Rad1 Qc7 22. Rfe1 Rfd8 23. h3 Bxf3 24. Qxf3 Rxd1 25. Rxd1 Rd8 26. Kf1 Ng6 27. Rxd8+ Qxd8 28. Qe3 Qd3+ 29. Qxd3 cxd3 30. Nd5 Nxe5 31. Nc7 Nc4 32. Nxa6 Nxa3 33. Nc7 Nc2 34. Nxb5 Nxb4 35. Ke1 Kf8 36. Kd2 Ke7 37. Nd4 Kf6 38. Nf3 Kf5 39. Kc3 Nd5+ 40. Kd2 f6 41. g3 Ke4 42. Ne1 Nb4 43. Kc3 Kd5 1/2-1/2

[Event "Oslo-ch"]
[Site "Oslo"]
[Date "2008.04.05"]
[Round "2"]
[White "Soreng, Eirik"]
[Black "Jensen, Torben Winther"]
[Result "1-0"]
[WhiteElo "1633"]
[BlackElo "1359"]
[PlyCount "71"]
[EventDate "2008.04.04"]
[EventType "swiss"]
[EventRounds "4"]
[EventCountry "NOR"]
[SourceTitle "EXT 2010"]
[Source "ChessBase"]
[SourceDate "2010.11.25"]
[SourceVersion "1"]
[SourceVersionDate "2010.11.25"]
[SourceQuality "1"]

1. Nf3 d5 2. d4 Nc6 3. c4 e6 4. Nc3 Nf6 5. Bg5 Be7 6. e3 0-0 7. Rc1 h6 8. Bh4 Re8 9. Bd3 Nb4 10. Bb1 dxc4 11. Ne5 c5 12. a3 cxd4 13. exd4 Nbd5 14. Qc2 Nxc3 15. bxc3 Bxa3 16. Rd1 Be7 17. 0-0 Kf8 18. Nxc4 Nd5 19. Bxe7+ Qxe7 20. Qh7 Qg5 21. f4 Nxf4 22. Qe4 Nd5 23. Kh1 Nxc3 24. Qf3 Qe7 25. Qxc3 Qc7 26. Qa3+ Qe7 27. Qd3 Qg5 28. Nd6 f5 29. Nxe8 Kxe8 30. Qb5+ Kf7 31. d5 Kf8 32. d6 b6 33. Qc6 Bb7 34. Qxb7 Qd8 35. Ba2 Rb8 36. Rxf5+ 1-0